Intergovernmental Organizations (IGOs) - Statistics

General Stats
  • This quiz has been taken 55 times
  • The average score is 25 of 31
Answer Stats
Intergovernmental Organizations (IGO) Acronym % Correct
European Union EU
98%
Group of Twenty G20
93%
Group of Seven G7
93%
North Atlantic Treaty Organization NATO
93%
United Nations Security Council UNSC
93%
International Monetary Fund IMF
91%
Organization of Petroleum-Exporting Countries OPEC
91%
Shanghai Cooperation Organisation SCO
91%
United Nations Educational, Scientific and Cultural Organization UNESCO
91%
United Nations International Children's Emergency Fund UNICEF
91%
World Health Organization WHO
91%
World Trade Organization WTO
91%
Organization of American States OAS
89%
Organisation for Economic Co-operation and Development OECD
89%
United National General Assembly UNGA
89%
United Nations Human Rights Council UNHRC
89%
Asia-Pacific Economic Cooperation APEC
86%
Gulf Cooperation Council GCC
86%
International Criminal Court ICC
86%
South Asian Association for Regional Cooperation SAARC
86%
World Food Programme WFP
86%
Association of Southeast Asian Nations ASEAN
84%
International Hydrographic Organization IHO
84%
Food and Agriculture Organization FAO
82%
International Atomic Energy Agency IAEA
82%
Organization for Security and Co-operation in Europe OSCE
82%
International Criminal Police Organization INTERPOL
68%
Australia, New Zealand, United States Security Treaty ANZUS
52%
Caribbean Community CARICOM
48%
Economic Community of West African States ECOWAS
45%
Community of Latin American and Caribbean States CELAC
11%
No matching quizzes found
Score Distribution
Percent of People with Each Score
Percentile by Number Answered
Your Score History
You have not taken this quiz